| 000 | 02319nam a2200277Ia 4500 | ||
|---|---|---|---|
| 003 | CO-CtgCURN | ||
| 005 | 20250408214557.0 | ||
| 008 | 190723s9999 xx 000 0 und d | ||
| 020 | _a9589380069 | ||
| 040 |
_aCO-CtgCURN _bspa _ccoctgcurn |
||
| 082 |
_a346 _bN218 |
||
| 100 |
_aNaranjo Ochoa, Fabio _eautor _98915 |
||
| 245 | 0 |
_aDerecho civil : _bpersonas y familias / _cFabio Naranjo Ochoa |
|
| 250 | _a10 edición | ||
| 260 |
_aBogotá, Colombia : _bLibrería Jurídica Sánchez R, _c2003 |
||
| 300 |
_a532 páginas ; _c25 centímetros. |
||
| 500 | _aIncluye índice | ||
| 504 | _aIncluye referencias bibliográficas al pie del texto | ||
| 505 | _aI Sección -- Personas -- Cap. 1. Moral y derecho -- Cap. 2. Fuentes del derecho en el ordenamiento colombiano -- Cap. 3. Eficacia de la ley en el tiempo -- Cap. 4. Aplicación de la ley en el espacio -- Cap. 5. Interpretación y aplicación de la ley -- Cap. 6. Palabras de uso frecuente -- Cap. 7. Persona como sujeto de derecho -- Cap. 8. Derechos de la personalidad -- Cap. 9. Fin o extinción de las personas -- Cap. 10. Derechos y obligaciones entre padres e hijos -- Cap. 11. Patria potestad -- Cap. 12. Suspensión de la patria potestad -- Cap. 13. Guardas (tutelas y curatelas) -- Cap. 14. Personas jurídicas -- II Sección -- Familia -- Cap. 1. La familia -- Cap. 2. Los esponsales - el corretaje matrimonial -- Cap. 3. El matrimonio -- Cap. 4. El concubinato -- Cap. 5. Separación de cuerpos -- Cap. 6. El divorcio -- Cap. 7. Capitulaciones matrimoniales -- Cap. 8. Régimen de bienes en el matrimonio -- Cap. 9. Afectación a vivencia familiar -- Cap. 10. La violencia intrafamiliar -- Cap. 11. Defensores de familia -- Cap. 12. Filiación -- Cap. 13. Filiación extramatrimonial -- Cap. 14. Maternidad disputada -- Cap. 15. La adopción -- Cap. 16. Alimentos legales. | ||
| 520 | _aEsta edición profundiza y amplia los nuevos conceptos introducidos por la constitución política en cuanto a los sujetos de derecho y las institución familiar; así como los cambios legislativos de esta última. | ||
| 521 | _aAREA PROFESIONAL | ||
| 590 | _aPrograma de Derecho_18 | ||
| 650 |
_aDerecho civil _98916 _zColombia |
||
| 942 |
_cBK _h346 _iN218 _2ddc _01 _n0 |
||
| 999 |
_c29042 _d29042 |
||